000 00449pab a2200157 454500
008 180718b2006 xxu||||| |||| 00| 0 eng d
100 _aPai, V.S.
245 _aTrends in the Indian banking industry: analyses of inter-regional trends in deposits and credits
260 _c2006
300 _ap.65-74.
362 _aJan-Aug
650 _aBanks - India
650 _aBanks
773 _aThe Icfaian Journal of Management Research
909 _a68184
999 _c68184
_d68184